Zhong da zhan ge /

Saved in:
Bibliographic Details
Corporate Author: Zhongshan da xue (Guangzhou, China). Wu chan qie ji ge ming pai "zhan ge zu"
Format: Book
Language:Chinese
Published: [Xianggang : s.n., 1976]
Subjects:
Tags: Add Tag
No Tags, Be the first to tag this record!
LEADER 01151cam a2200277 a 4500
001 007724500-8
005 20024617112054.0
008 970822r19761968cc 000 0 chi
010 |a 78838806 /M/ACN 
035 0 |a ocm37827541 
040 |a DLC  |c DLC  |d MH-HY  |d CStRLIN 
043 |a a-cc-kn 
050 0 0 |a M1804  |b .C46936  |a [M1977] 
245 0 0 |6 880-01  |a Zhong da zhan ge /  |c Zhongshan da xue wu chan jie ji ge ming pai 'zhan ge zu' bian. 
260 |6 880-02  |a [Xianggang :  |b s.n.,  |c 1976] 
300 |a 4, 186 p., [8] leaves of plates :  |b ill. ;  |c 21 cm. 
500 |a In number notation. 
500 |a Reprint of the 1968 ed. published by Zhongshan da xue wu chan jie ji ge ming pai zhan ge zu, Canton 
650 0 |a Songs, Chinese  |z China  |z Guangzhou. 
650 0 |a Communism  |x Songs and music. 
710 2 |6 880-03  |a Zhongshan da xue (Guangzhou, China).  |b Wu chan qie ji ge ming pai "zhan ge zu" 
880 0 0 |6 245-01  |a 中大戰歌 /  |c 中山大学无产阶级革命派《战歌组》编. 
880 |6 260-02  |a [香港 :  |b s.n.,  |c 1976] 
880 2 |6 710-03  |a 中山大学 (Guangzhou, China).  |b 无产阶级革命派《战歌组》. 
988 |a 20021120 
906 |0 DLC